| 000 | 00421cam a22001097a 4500 | ||
|---|---|---|---|
| 008 | 180718b1988 xxu||||| |||| 00| 0 eng d | ||
| 082 | _aL8 Un3h | ||
| 245 |
_aHandbook of national accounting public sector accounts _cby Department of International Economic and Social Affairs, U.S.A. |
||
| 260 |
_aNew York _bUnited Nations _c1988 |
||
| 300 | _a188+p. | ||
| 700 | _aU.S.A. Department of International Economic and Social Affairs | ||
| 999 |
_c500621 _d500621 |
||